000 00718nam a2200265Ia 4500
001 Para_6127
003 CHAP
008 220125s1999 xx 000 0 und d
010 _a204907
040 _cCHAP
090 _aPA FOLLETO 255
110 _aMéxico. Dirección General de Sanidad Vegetal
_977045
245 _aReglamento para el control y uso de herbicidas /
_c por SARH.DGSV
260 _aMéxico :
_b La Dirección
300 _av
500 _aLa biblioteca tiene: 1980
650 _aHerbicidas
_953691
901 _aPA FOLLETO 255
902 _aA
905 _a00000019-- 0000000000 00
910 _a19--
942 _cPARA
942 _cPARA
_d1
999 _c204907
_d204907